00700nam a22001695i 4500001000700000003000900007005001700016008004100033040002700074100002200101245005500123260009100178300003200269505008000301752002400381852012500405157647ES-MaACL20230906210801.0960320s1866 fr |||| | fre d aCLM bspa cCCPB | SIC1 aLevallois, Jules.10aDéisme et christianisme / cpar Jules Levallois. aParis : bGermer Baillière, libraire éditeur, c1866 (fImprimerie de E. Martinet) aXXII, 158, 24 p. ; c19 cm.8 aExtrait du catalogue de obras publicadas por el editor con fecha avril 1877 aFrancia - dParís aES-MaACLjF-12231 z-- Enc. pasta q-- Falto de la secuencia de 24 p.x-- Edic: Corregir T300: Son XXII, 153 p. (no 158)